000 00314nam a22001217a 4500
008 160510b xxu||||| |||| 00| 0 eng d
020 _a9780072302721
020 _a0072302720
041 _aeng
080 _a611
245 _aLecture Outlines and study guide for human anatomy:
_cMichael L.Foster;
942 _2udc
_cBK
999 _c1963
_d1963